| 000 | 01191naa a22003137a 4500 | ||
|---|---|---|---|
| 001 | BR9404113 | ||
| 003 | BR-BrBNA | ||
| 005 | 20250721155500.0 | ||
| 007 | ta | ||
| 008 | 250630b bl.|||m| |||| 00| 0 por d | ||
| 040 |
_aBR-BrBNA _bpor _cBiblioteca Nacional de Agricultura |
||
| 041 | _a(Pt) | ||
| 072 |
_aP34 _b1440 _b3920 |
||
| 090 | _aP34 BR9404113 | ||
| 100 | 1 | _aChu, E.Y. | |
| 100 | 1 | _aMatos, A. de O. | |
| 111 | 1 |
_a1. Simposio do Tropico Umido _cBelem, PA (Brazil) _d12-17 Nov 1984 |
|
| 245 | 1 | _aEfeito de inoculacao com micorriza (VA)em duas cultivares de caupi (Vigna unguiculata)em casa de vegetacao | |
| 500 | _aAnais do 1. Simposio do Tropico Umido v. 1 Clima e Solo Belem, PA (Brasil): 1984. p. 295-301 [Summaries (En, Pt); 16 ref.] (BR9404113-AMS) | ||
| 773 | 0 |
_tAnais do 1. Simposio do Tropico Umido v. 1 Clima e Solo _wP34 BR9404113 _gBelem, PA (Brasil), 1984. p. 295-301 |
|
| 650 | _aFeijao de Corda | ||
| 650 | _aRhizobium | ||
| 650 | _aMicorriza | ||
| 650 | _aInoculacao | ||
| 650 | _aNodulacao | ||
| 490 |
_aDocumentos - Centro de Pesquisa Agropecuaria do Tropico Umido (Brazil) _vno. 36 |
||
| 942 |
_cAMS _2AGRIS |
||
| 909 |
_a202506 _bLúcia _c55 _dLúcia Elande |
||
| 999 |
_c336744 _d336744 |
||